Disciple of the gods : (Record no. 10034)
[ view plain ]
| 000 -LEADER | |
|---|---|
| fixed length control field | 01183cam a2200337 i 4500 |
| 001 - CONTROL NUMBER | |
| JCCL Control Number | 10034 |
| 003 - CONTROL NUMBER IDENTIFIER | |
| JCCL marc code | BD-JhCC |
| 005 - DATE AND TIME OF LATEST TRANSACTION | |
| control field | 20180404182953.0 |
| 008 - FIXED-LENGTH DATA ELEMENTS--GENERAL INFORMATION | |
| fixed length control field | 180404s1978 enkaf 001 0beng |
| 020 ## - INTERNATIONAL STANDARD BOOK NUMBER | |
| International Standard Book Number | 0491023235 : |
| Terms of availability | £5.50 |
| 035 ## - SYSTEM CONTROL NUMBER | |
| system control number | (BD-JhCC)10034 |
| 040 ## - CATALOGING SOURCE | |
| Original cataloging agency | DLC |
| Transcribing agency | DLC |
| Modifying agency | DLC |
| -- | BD-JhCC |
| 041 1# - LANGUAGE CODE | |
| Language code of Book | engger |
| 050 00 - LIBRARY OF CONGRESS CALL NUMBER | |
| Classification number | CB18.D33 |
| Item number | K713 |
| 082 00 - DEWEY DECIMAL CLASSIFICATION NUMBER | |
| Classification number | 001.9/3/0924 |
| -- | B |
| Author mark and Year | KRA 1978 |
| 100 1# - MAIN ENTRY--PERSONAL NAME | |
| Personal name | Krassa, Peter, |
| Dates associated with a name | 1938- |
| 240 10 - UNIFORM TITLE | |
| Uniform title | Däniken intim. |
| 245 10 - TITLE STATEMENT | |
| Title | Disciple of the gods : |
| Remainder of title | a biography of Erich von Däniken / |
| Statement of responsibility, etc | by Peter Krassa ; translated by David Koblick. |
| 260 ## - PUBLICATION, DISTRIBUTION, ETC. (IMPRINT) | |
| Place of publication, distribution, etc | London : |
| Name of publisher, distributor, etc | Allen, |
| Date of publication, distribution, etc | 1978. |
| 300 ## - PHYSICAL DESCRIPTION | |
| Pagination | 158 p., [8] leaves of plates : |
| Other physical details | ill. ; |
| Dimensions | 23 cm. |
| 500 ## - GENERAL NOTE | |
| General note | Translation of Däniken intim. |
| 500 ## - GENERAL NOTE | |
| General note | Spine title: Erich von Däniken, disciple of the gods. |
| 500 ## - GENERAL NOTE | |
| General note | Includes addendum, This is how it was, by Erich von Däniken. |
| 500 ## - GENERAL NOTE | |
| General note | Includes index. |
| 600 10 - SUBJECT ADDED ENTRY--PERSONAL NAME | |
| Personal name | Daniken, Erich von, |
| Dates associated with a name | 1935- |
| 650 #0 - SUBJECT ADDED ENTRY--TOPICAL TERM | |
| Topical term or geographic name as entry element | Historians |
| Geographic subdivision | Switzerland |
| General subdivision | Biography. |
| 700 12 - ADDED ENTRY--PERSONAL NAME | |
| Personal name | Däniken, Erich von, |
| Dates associated with a name | 1935- |
| Title of a work | So war es wirklich. English. 1978. |
| 740 ## - | |
| Uncontrolled related/analytical title | Erich von Däniken, disciple of the gods. |
| 942 ## - ADDED ENTRY ELEMENTS (KOHA) | |
| Source of classification or shelving scheme | Dewey Decimal Classification |
| Koha item type | Reference |
| Source of classification or shelving scheme | Damaged status | Not for loan | Home library | Current library | Shelving location | Date of accession | Total Checkouts | Full call number | Barcode | Date last seen | Copy number | Koha item type |
|---|---|---|---|---|---|---|---|---|---|---|---|---|
| Dewey Decimal Classification | JCC Rouf Library | JCC Rouf Library | General Stacks | 04/04/2018 | 001.9/3/0924 KRA 1978 | 13064 | 04/04/2018 | C-1 | Reference |